Consumer culture theory /

Bibliographic Details
Other Authors: Bajde, Domen, (Editor), Kjeldgaard, Dannie, (Editor), Belk, Russell W., (Editor)
Format: eBook
Language:English
Published: Bingley : Emerald Publishing Limited, [2019]
Subjects:
Online Access:Click to View
LEADER 01561nam a2200397 i 4500
001 EBC5743723
003 MiAaPQ
005 20200520144314.0
006 m o d |
007 cr cnu||||||||
008 190426s2019 enk o 000 0 eng d
020 |z 9781787542860 
020 |a 9781787542877 (e-book) 
035 |a (MiAaPQ)EBC5743723 
035 |a (Au-PeEL)EBL5743723 
035 |a (OCoLC)1091190735 
040 |a MiAaPQ  |b eng  |e rda  |e pn  |c MiAaPQ  |d MiAaPQ 
050 4 |a HC79.C6  |b .C667 2019 
082 0 |a 306.3  |2 23 
245 0 0 |a Consumer culture theory /  |c edited by Domen Bajde, Dannie Kjeldgaard and Russell W. Belk. 
264 1 |a Bingley :  |b Emerald Publishing Limited,  |c [2019] 
264 4 |c 2019 
300 |a 1 online resource (217 pages) 
336 |a text  |b txt  |2 rdacontent 
337 |a computer  |b c  |2 rdamedia 
338 |a online resource  |b cr  |2 rdacarrier 
588 |a Description based on print version record. 
590 |a Electronic reproduction. Ann Arbor, MI : ProQuest, 2018. Available via World Wide Web. Access may be limited to ProQuest affiliated libraries. 
650 0 |a Consumption (Economics)  |x Social aspects. 
655 4 |a Electronic books. 
700 1 |a Bajde, Domen,  |e editor. 
700 1 |a Kjeldgaard, Dannie,  |e editor. 
700 1 |a Belk, Russell W.,  |e editor. 
776 0 8 |i Print version:  |t Consumer culture theory.  |d Bingley : Emerald Publishing Limited, c2019   |h 217 pages   |z 9781787542860 
797 2 |a ProQuest (Firm) 
856 4 0 |u https://ebookcentral.proquest.com/lib/matrademy/detail.action?docID=5743723  |z Click to View